000 00757nam a2200253Ia 4500
003 OSt
005 20220928131022.0
006 a|||||r|||| 00| 0
007 ta
008 220927b |||||||| |||| 00| 0 san d
020 _c900
024 _a110816
037 _b318, 06/01/2011, Vidyanidhi Prakashan
_cTextual
040 _aSDCL
_cSDCL
_bsan
041 _2san
_asan
082 _aQ127:25, Q1
100 _aJoshi Rekha
_9476795
245 0 _aIshavasyopanishad ki tikaon mein advaita tattvamimansa.
260 _aDelhi
_bUttarayan Prakashan
_c2011
300 _axxiii,504p.
_ccm.
650 _aSanskrit
_9391587
942 _hQ127:25, Q1
_cTEXL
_2CC
999 _c789266
_d789266